Olasz fizetési forgalom
Elmentve itt :
| Dokumentumtípus: | Cikk |
|---|---|
| Megjelent: |
1936
|
| Sorozat: | Polgári jog : a hazai és külföldi magánjog és hiteljog szemléje
12 |
| Kulcsszavak: | Pénzügyi politika devizakorlátozás |
| Online Access: | http://misc.bibl.u-szeged.hu/16019 |
| LEADER | 00567nab a2200157 i 4500 | ||
|---|---|---|---|
| 001 | misc16019 | ||
| 005 | 20191106142149.0 | ||
| 008 | 170607s1936 hu o 0|| hun d | ||
| 040 | |a SZTE Miscellanea Repozitórium |b hun | ||
| 041 | |a hun | ||
| 245 | 0 | 0 | |a Olasz fizetési forgalom |h [elektronikus dokumentum] |
| 260 | |c 1936 | ||
| 300 | |a 313-314a | ||
| 490 | 0 | |a Polgári jog : a hazai és külföldi magánjog és hiteljog szemléje |v 12 | |
| 695 | |a Pénzügyi politika devizakorlátozás | ||
| 856 | 4 | 0 | |u http://misc.bibl.u-szeged.hu/16019/1/polgari_jog_1936_313-314a.pdf |z Dokumentum-elérés |